Stolice reprezentacji Mistrzostw Świata 2026 - Statystyki

Ogólne statystyki
  • Ten quiz został rozwiązany 1 700 razy
    1 626 od ostatniego zresetowania
  • Średni wynik to 36 z 48
Statystyki odpowiedzi
Reprezentacja Stolica % Poprawnych
Anglia Londyn
98%
Austria Wiedeń
96%
Belgia Bruksela
95%
Francja Paryż
95%
Czechy Praga
95%
Chorwacja Zagrzeb
94%
Niemcy Berlin
93%
Hiszpania Madryt
93%
Japonia Tokio
93%
Holandia Amsterdam
92%
Argentyna Buenos Aires
92%
Egipt Kair
92%
Norwegia Oslo
92%
Portugalia Lizbona
91%
Stany Zjednoczone Waszyngton
91%
Brazylia Brasília
90%
Meksyk Meksyk
90%
Korea Południowa Seul
89%
Szwecja Sztokholm
89%
Australia Canberra
88%
Kanada Ottawa
88%
Bośnia i Hercegowina Sarajewo
88%
Turcja Ankara
87%
Szwajcaria Berno
85%
Algieria Algier
83%
Tunezja Tunis
79%
Maroko Rabat
78%
Arabia Saudyjska Rijad
78%
Iran Teheran
78%
Szkocja Edynburg
74%
Kolumbia Bogota
73%
Urugwaj Montevideo
72%
Panama Panama
72%
Republika Południowej Afryki Pretoria /
Kapsztad /
Bloemfontein
71%
Nowa Zelandia Wellington
69%
Irak Bagdad
67%
Senegal Dakar
64%
Katar Ad-Dauha
63%
Ekwador Quito
60%
Jordania Amman
50%
Demokratyczna Republika Konga Kinszasa
50%
Paragwaj Asunción
45%
Haiti Port-au-Prince
43%
Uzbekistan Taszkent
42%
Ghana Akra
41%
Republika Zielonego Przylądka Praia
25%
Wybrzeże Kości Słoniowej Jamusukro
24%
Curaçao Willemstad
16%
Nie znaleziono quizów pasujących do podanych kryteriów
Rozkład punktacji
Procent ludzi z każdym wynikiem
Percentyl według liczby udzielonych odpowiedzi
Twoja historia wyników
Nie rozwiązałeś tego quizu od ostatniego zresetowania